Narrativas dominicana y haitiana : (Registro nro. 13789)

Detalles MARC
000 -LIDER
fixed length control field 01910nam a2200313 a 4500
001 - NÚMERO DE CONTROL
Identificador de número de control
003 - IDENTIFICACDOR DE NÚMERO DE CONTROL
control field DO-SdBNP
005 - DATE AND TIME OF LATEST TRANSACTION
control field 20211013103454.0
008 - ELEMENTOS DE LONGITUD FIJA
fixed length control field 091125s2007 dr 000 0 spa d
020 ## - ISBN
International Standard Book Number 9945427067
040 ## - FUENTE DE CATALOGACIÓN
Agencia que crea de manera original el registro DO-SdBNP
Idioma de catalogación spa
Agencia que realiza la transcripción BPMSU
049 ## - LOCAL HOLDINGS (OCLC)
Holding library
082 ## - NÚMERO DE CLASIFICACIÓN DECIMAL DE DEWEY
Classification number RD809.889
Item number E53n 2007
Edition number 22
100 1# - ASIENTO PRINCIPAL -- NOMBRE PERSONAL
Nombre personal Emeterio Rondón, Pura
Fechas asociadas con el nombre 1952.2017
245 10 - MENCIÓN DE TITULO
Título Narrativas dominicana y haitiana :
Subtítulo símbolos para una propuesta alternativa /
Mención de responsabilidad Pura Emeterio Rondón.
260 ## - PUBLICACIÓN, DISTRIBUCIÓN, ETC. (PIE DE IMPRENTA)
Lugar de publicación, distribución, etc Santo Domingo :
Nombre del editor, distribuidor, etc. Editora Nacional
Fecha de publicación, distribución, etc 2007.
300 ## - DESCRIPCIÓN FÍSICA
Extensión 209 p. ;
Dimensiones 23 cm.
500 ## - NOTA GENERAL
Nota general Incluye datos biográficos del autora en la solapa de la cubierta
500 ## - NOTA GENERAL
Nota general Incluye referencias bibliográficas y notas al pie de las páginas
504 ## - NOTA DE BIBLIOGRAFÍA, ETC.
Bibliography, etc Bibliografía : (p. 2001-204)
505 ## - NOTA DE CONTENIDO
Texto normalizado de contenido Introducción, 13 .-- ¿Por qué literatura dominicana y haitiana ?, 21 .-- El indigenismo y la cultura haitiana, 25 .-- El movimiento postumista y la literatura dominicana, 33 .-- Planteamientos teóricos. Función referencial de los símbolos, 43 .-- La cultura oral-popular en el referente de las culturas dominicana y haitiana, 53 .-- Hacia una doble perspectiva del referente literario, 61 .-- La configuración textual de los símbolos. La configuración textual de los símbolos, 71 .-- Los símbolos regresivos, 105 .-- Sistemas de referencialidad en las literaturas dominicana y haitiana. El referente en los símbolos progresivos, 135 .-- El referente en los símbolos regresivos, 157 .-- En torno a las literaturas dominicana y haitiana, 185 .-- Apéndice, 193 .-- Bibliografía citada, 201. -
590 ## - NOTA LOCAL
Enlace Inventariado, 2021/VM
650 #4 - ENCABEZAMIENTO DE MATERIA--TEMÁTICO
Término temático o nombre geográfico como elemento de entrada Literatura dominicana
Subdivisión temática general Historia y crítica
650 #4 - ENCABEZAMIENTO DE MATERIA--TEMÁTICO
Término temático o nombre geográfico como elemento de entrada Literatura haitiana
Subdivisión temática general Historia y crítica
650 #4 - ENCABEZAMIENTO DE MATERIA--TEMÁTICO
Término temático o nombre geográfico como elemento de entrada Simbolísmo en la literatura
710 2# - ASIENTO SECUNDARIO -- NOMBRE CORPORATIVO
Nombre corporativo o de jurisdicción Secretaría de Estado de Cultura (República Dominicana)
910 ## - VALIDACIÓN
Validación VMateoV.
942 ## - ADDED ENTRY ELEMENTS (KOHA)
Source of classification or shelving scheme Dewey Decimal Classification
Koha item type Libros
Existencias
Withdrawn status Lost status Source of classification or shelving scheme Damaged status Not for loan Collection code Home library Current library Date acquired Full call number Barcode Date last seen Price effective from Koha item type Source of acquisition Copy number
    Dewey Decimal Classification     Colección Dominicana Biblioteca Pública Metropolitana Salomé Ureña Biblioteca Pública Metropolitana Salomé Ureña 10/13/2021 BPMSU CD 809.889 E53n 2007 BPMSU21100085 10/13/2021 10/13/2021 Libros    
    Dewey Decimal Classification     Colección Dominicana Biblioteca Pública Metropolitana Salomé Ureña Biblioteca Pública Metropolitana Salomé Ureña 10/13/2021 BPMSU CD 809.889 E53n 2007 BPMSU21100086 10/13/2021 10/13/2021 Libros e.2